Metamorphism in the Eastern Alps
Elmentve itt :
| Szerzők: | |
|---|---|
| Testületi szerző: | |
| Dokumentumtípus: | Cikk |
| Megjelent: |
Department of Mineralogy, Geochemistry and Petrology, University of Szeged
Szeged
2010
|
| Sorozat: | Acta mineralogica-petrographica : field guide series
1 Acta mineralogica-petrographica : field guide series 1 |
| Kulcsszavak: | Földtan, Kőzettan - Keleti-Alpok |
| Tárgyszavak: | |
| Online Access: | http://acta.bibl.u-szeged.hu/48178 |
| LEADER | 01285nab a2200325 i 4500 | ||
|---|---|---|---|
| 001 | acta48178 | ||
| 005 | 20260212135047.0 | ||
| 008 | 170622s2010 hu o 000 eng d | ||
| 022 | |a 0324-6523, 2061-9766 | ||
| 040 | |a SZTE Egyetemi Kiadványok Repozitórium |b hun | ||
| 041 | |a eng | ||
| 100 | 1 | |a Hoinkes Georg | |
| 245 | 1 | 0 | |a Metamorphism in the Eastern Alps |h [elektronikus dokumentum] / |c Hoinkes Georg |
| 260 | |a Department of Mineralogy, Geochemistry and Petrology, University of Szeged |b Szeged |c 2010 | ||
| 300 | |a 1-47 | ||
| 490 | 0 | |a Acta mineralogica-petrographica : field guide series |v 1 | |
| 490 | 0 | |a Acta mineralogica-petrographica : field guide series |v 1 | |
| 650 | 4 | |a Természettudományok | |
| 650 | 4 | |a Föld- és kapcsolódó környezettudományok | |
| 695 | |a Földtan, Kőzettan - Keleti-Alpok | ||
| 700 | 0 | 1 | |a Koller Friedrich |e aut |
| 700 | 0 | 1 | |a Demény Attila |e aut |
| 700 | 0 | 1 | |a Schuster Ralf |e aut |
| 700 | 0 | 1 | |a Miller Christine |e aut |
| 700 | 0 | 1 | |a Thöni Martin |e aut |
| 700 | 0 | 1 | |a Kurz Walter |e aut |
| 700 | 0 | 1 | |a Krenn Kurt |e aut |
| 700 | 0 | 1 | |a Walter Franz |e aut |
| 710 | |a General Meeting of the International Mineralogical Association (20.) (Budapest) (2010) | ||
| 856 | 4 | 0 | |u http://acta.bibl.u-szeged.hu/48178/1/field_guide_2010_001_001-047.pdf |z Dokumentum-elérés |